000 01009cam a22002533a 4500
001 3047
003 PGUSA
005 20140828083025.0
008 020101s2002||||xxu|||||s|||||000 1 eng d
040 _aPGUSA
_beng
042 _adc
050 4 _aPR
100 1 _aHardy, Thomas,
_d1840-1928
245 1 0 _aLife's Little Ironies :
_bA set of tales with some colloquial sketches entitled A Few Crusted Characters
_h[electronic resource] /
_cThomas Hardy
260 _bProject Gutenberg,
_c2002
505 0 _aThe son's veto -- For conscience' sake -- A tragedy of two ambitions -- On the western circuit -- To please his wife -- The melancholy hussar of the German legion -- The fiddler of the reels -- A tradition of 1804 -- A few crusted characters.
506 _aPublic domain in the USA.
516 _aElectronic text
653 _aShort stories, English
653 _aWessex (England) -- Fiction
830 0 _aProject Gutenberg
_v3047
856 4 0 _uhttp://www.gutenberg.org/ebooks/3047
942 _cEB
999 _c232376
_d232376